| 000 | 01027nam a22002777a 4500 | ||
|---|---|---|---|
| 003 | DO-SdBNP | ||
| 005 | 20250204092151.0 | ||
| 007 | ta | ||
| 008 | 220801b2012 d ac||| |||| 00| 0 spa d | ||
| 020 | _a9789945005783 | ||
| 040 |
_aDO-SdBNP _bspa _cBNPHU |
||
| 082 | 4 |
_222 _aRD _bB171n |
|
| 100 | 1 |
_a Balaguer, Joaquín, _d1906-2002 _976556 |
|
| 245 | 1 | 0 |
_aJoaquín Balaguer nuevos escritos / _cJoaquín Balaguer ; compiladores Julio Jaime Julia, Fernando Pérez Memén y adquirido por Cándido Gerón. |
| 260 |
_aSanto Domingo : _bFundación Joaquín Balaguer, _c2012. |
||
| 300 |
_a110 p. ; _bilustraciones y retratos, _c23 cm. |
||
| 500 | _aIncluye datos biográficos del autor en las solapas | ||
| 590 | _aInventariado, 2022 /LP | ||
| 650 | 4 | _aEnsayos dominicanos | |
| 650 | 4 | _aLiteratura dominicana | |
| 700 | 1 |
_aJulia, Julio Jaime _d1922-1993 _ecompilador _920185 |
|
| 700 | 1 |
_aPérez Memén, Fernando, _d1943- _ecompilador _938744 |
|
| 700 | 1 |
_aGerón, Cándido _982130 |
|
| 910 | _aLopérez | ||
| 942 |
_2ddc _cLBS1 |
||
| 999 |
_c52252 _d52252 |
||